| 000 | 00535nam a22001577a 4500 | ||
|---|---|---|---|
| 003 | macl | ||
| 005 | 20170209124037.0 | ||
| 008 | 170209b xxu||||| |||| 00| 0 eng d | ||
| 040 | _cmacl | ||
| 082 | _a800/RAY | ||
| 100 |
_aचौधरी ,इन्द्र नाथ _966781 |
||
| 245 | _a रवींद्रनाथ टैगोर रचनावली | ||
| 260 |
_aदिल्ली _bसस्ता साहित्य मण्डल _c2014 |
||
| 650 |
_aरचनावली _9163 |
||
| 942 |
_2ddc _cHIN |
||
| 999 |
_c56083 _d56083 |
||